03794nam a2200313 i 4500003000600000005001700006007000300023008004700026020001900073040003700092041000800129082003000137100003900167245018400206264008600390300006700476336002800543337003500571338003000606490005200636500006100688504002800749505247800777650003403255650003603289700005403325700004803379710005303427AGNRD20260519115942.0ta260519e2025 dr ac||gro|||||01 |bspa ||spa|  a9789945251456. aAGNRDbspacDO-SdBNPdBNPHUerda aspa aRD 864.5 2P762l 2025b221 aPolanco Díaz, Bienvenida eautor aLiteratura dramática dominicana 1916-1924 : btexto, representación y nacionalismo durante la ocupación militar norteamericana / cBienvenida Polanco Díaz. [y otros tres]. aSanto Domingo, República Dominicana :bArchivo General de la Nación, c2025.  a317 páginas : bilustraciones, fotografías ; c23 x 15 cm. atextobtxt 2rdacontent asin mediación bn 2rdamedia avolumen bnc 2rdacarrier aArchivo General de la Nación ; vvolumen 557. aIncluye pequeña biografía de la autora en la solapa. aIncluye bibliografía.0 aPresentación 9 -- Investigación histórica y Estética de la Recepción 10 -- Recursos. Antecedentes. Metodología 13 -- Conceptualizaciones 17 -- El arte. Un antes y un después de Hegel 18 -- Literatura dramática y Dramaturgia 23 -- La dramaturgia dominicana: periodos y movimientos 29 -- Del Renacimiento al Barroco 29 -- Formas neoclásicas 32 -- Textos del Romanticismo 35 -- Perfiles del Realismo 38 -- Modernismo y Modernismo Tardío 42 -- Vanguardias 47 -- Pos vanguardismo 50 -- Dramaturgia siglo xxi 56 -- La literatura dramática mundial en los albores del siglo xx 69 -- El nuevo siglo xx y la dramaturgia finisecular 70 -- Dramaturgia en Hispanoamérica. 1900-1916 79 -- Dramaturgia dominicana, de 1900 a 1915 95 -- Primera etapa modernista 95 -- Dramaturgia nacional y extranjera 97 -- Autores y escenarios 102 -- Antecedentes históricos de la intervención militar de Estados Unidos 105 -- USA y las nuevas formas del nacionalismo 106 -- De Roosevelt a Wilson 112 -- Woodrow Wilson 113 -- La política de los Estados Unidos hacia Latinoamérica 115 -- 1899-1916: La economía dominicana y el caos sociopolítico 133 -- Cuestión financiera y guerras civiles. 1900-1905 135 -- Mon Cáceres asume el poder. 1906-1911 146 -- 1912-1916: Anarquía y bancarrota 150 -- Arias, Jiménes, Henríquez y un último intento de orden 162 -- Dramaturgia dominicana de 1916 a 1924 175 -- 1916: Literatura dramática y sociedad 176 -- Las temporadas de teatro de 1917 y 1918 181 -- De las compañías y los críticos 187 -- Literatura dramática y nacionalismo durante la intervención 203 -- José Narciso Solá, No más yes 203 -- Rafael Damirón, Alma criolla 205 -- Arturo Logroño Cohén, Una fiesta en el Castine 207 -- Delia Quesada, Quisqueya y la ocupación americana 209 -- Renato D’Soto, Así marcha la justicia 210 -- Ricardo Pérez Alfonseca, La inmolación 211 -- Miguel Ángel Jiménez, Orgullo de raza; El último gavillero 212 -- Orgullo de raza, 1923. Rescate de un manuscrito de teatro contestatario 221 -- El manuscrito centenario y su conservación 221 -- El texto. Intervención en un bien patrimonial 222 -- Orgullo de raza. Teatro en dos actos y tres cuadros 224 -- Textos del período 1916-1924: 257 -- Alma criolla. Rafael Damiron, 1916 261 -- Teatro Infantil. Delia Quesada, 1923 283 -- Un monólogo. Federico Llaverias, 1919 287 -- Sonámbulo. Apolinar Perdomo, 1917 293 -- Bibliografía 299 aEnsayos dominicanosxHistoria aLiteratura dominicanaxHistoria aDelmonte Soriano, Rafael Rolandoediagramación  aRosa, Yenifer de la ediseño de cubierta  aÁrea de Publicacionesecuidado de la edición